Theory of profit (Record no. 149991)

MARC details
000 -LEADER
fixed length control field 00332nam a2200145Ia 4500
008 - FIXED-LENGTH DATA ELEMENTS--GENERAL INFORMATION
fixed length control field 230917s9999||||xx |||||||||||||| ||und||
040 ## - CATALOGING SOURCE
-- 38390
Original cataloging agency VIVEKANANDA LIBRARY
041 ## - Language
-- English
082 ## - DDC NUMBER
Classification number 658.1554 H27I
100 ## - MAIN ENTRY--PERSONAL NAME
Personal name Hasan, Zubair
245 #0 - TITLE STATEMENT
Title Theory of profit
260 ## - PUBLICATION, DISTRIBUTION, ETC. (IMPRINT)
Place of publication, distribution, etc Delhi
Name of publisher, distributor, etc Vikas
Date of publication, distribution, etc 1975
300 ## - PHYSICAL DESCRIPTION
Pages 182 p.
942 ## - ADDED ENTRY ELEMENTS (KOHA)
Koha item type Books
Holdings
Withdrawn status Lost status Damaged status Not for loan Location (home branch) Sublocation or collection (holding branch) Date acquired Koha issues (times borrowed) Koha full call number Accession No. Koha date last seen Koha item type
        VIVEKANANDA LIBRARY VIVEKANANDA LIBRARY 29/08/2002   658.1554 H27I 27135 17/09/2023 Books
© Designed and Maintained by Vivekananda Library, MDU Rohtak